00723nam a22001817a 4500010001300000020002600013035001300039037001500052082001500067100002000082245008500102260003400187270007800221300002100299942002900320999001900349952017300368 aB-682373 a9789351951346c250.00 aB-682373 aDPLbPansy a796.812092 aGuggal, Saurabh aAkhada :bthe authorized biography of Mahavir Singh Phogat /c by Saurabh Duggal aGurgaonbHachette Bookc2016  a4th & 5th Floor, Corporate Centre, Plot No.94, Sector-44bGurgaone122003 a219p.c19cm(pbk) 2ddccENmDUGh796.812092 c148049d148049 001040708NFICaMbMd2017-12-19ePansy/RP/Extn.Deptt./1699/29.11.2017/13.12.2017g250.00l0o796.812092 DUGpB-682373r2017-12-19 00:00:00t1v250.00w2017-12-19yEN